Matemática 1/ susana n. etchegoyen ... [et al.]

Guardado en:
Autor Principal: Etchegoyen, Susana N.
Otros Autores: Fagale, Enrique D., Rodríguez, Silvia A., Avila de Kalan, Marta I.
Formato: Libro
Publicado: Buenos Aires : Kapelusz, 1999
Series:Biblioteca del Polimodal
Materias:
Etiquetas: Agregar Etiqueta
Sin Etiquetas, Sea el primero en etiquetar este registro!
LEADER 01159nam a22002655a 4500
001 CEM.cems010557
005 20080508135648.0
008 130507s1999##################000#0#####d
003 CEMS
020 |a 9501324338 
082 0 4 |a 510 
100 1 |a Etchegoyen, Susana N. 
245 1 0 |a Matemática 1/ susana n. etchegoyen ... [et al.] 
260 |a Buenos Aires :  |b Kapelusz,  |c 1999 
300 |a 210 p. 
490 0 |a Biblioteca del Polimodal 
505 0 |a Mundos de números -- Números reales -- La función de las funciones -- Son complejos los complejos -- De ecuaciones y funciones -- De las expresiones algebraicas a las funciones polinómicas -- Funciones trascendentes -- Locus... o lugar geométrico -- Lo que ocurre, lo posible, lo probable 
653 |a Matemática 
653 |a Matemática-polimodal 
700 1 |a Fagale, Enrique D. 
700 1 |a Rodríguez, Silvia A. 
700 1 |a Avila de Kalan, Marta I. 
859 |a CEMS  |b BIB. CEMS - 11 de abril  |h 510  |i Et18  |p 21080.01  |t Ej.1  |v 1ºP  |3 1ºP 
859 |a CEMS  |b BIB. CEMS - 11 de abril  |h 510  |i Et18  |p 21081.01  |t Ej.2  |v 1ºP  |3 1ºP 
859 |a CEMS  |b BIB. CEMS - 11 de abril  |h 510  |i Et18  |p 21082.01  |t Ej.3  |v 1ºP  |3 1ºP